Statistiques concernant TOP 35 des streameurs Twitch Français 2024

Cliquez ici pour prendre le quiz!

Statistiques générales

  • Ce quiz a été pris 267 fois
  • Le résultat moyen est 14 sur 35

Statistiques - réponses

Nombre d'abonnésStreameurs% Correct
4,2 millionsSqueezie
94%
4 millionsGotaga
88%
2,1 millionsAminematue / Amine
84%
1,7 millionsMichou
79%
1,3 millionsInoxtag
71%
1,5 millionsRebeudeter
68%
1,6 millionsKameto
67%
1,8 millionsDoigby
64%
2,2 millionsLocklear
62%
1,7 millionsDomingo
60%
1,5 millionsZerator
54%
952KAntoine Daniel / Daniel / Antoine
48%
797KPonce
44%
890KEtoiles
41%
1,2 millionsJL Tomy / Tomy
40%
2,1 millionsLeBouseuh / Bouseuh
39%
958KJoueur du grenier / Grenier
37%
589KPauleta / Pfut
36%
640KMaxime Biaggi / Biaggi
34%
870KMister MV / MV
33%
1,1 millionsMastu
29%
645KSamuel Etienne / Etienne
29%
1,3 millionsSardoche
28%
584KJiraya
26%
1,2 millionsWankil Studio / Wankil
23%
514KZack Nani / Zack
20%
594KJolavanille
16%
743KChowh1 / Chowh
13%
270KMynthos
13%
473KTonton
13%
233KMedja / DVM Medja
8%
472KRocky
7%
234KJean Massiet / Massiet
5%
284KShaunz
5%
1,5 millionsScream
3%

Distribution des résultats

Percentile par nombre de réponses

% des personnes avec chaque résultat

Votre développement - résultats

Vous n’avez pas pris ce quiz